Construction Skills (Record no. 120301)
[ view plain ]
| 000 -LEADER | |
|---|---|
| fixed length control field | 00828cad a2200145 4500 |
| 001 - CONTROL NUMBER | |
| control field | WS122890 |
| 008 - FIXED-LENGTH DATA ELEMENTS--GENERAL INFORMATION | |
| fixed length control field | 030702n 000 0 eng u |
| 035 ## - SYSTEM CONTROL NUMBER | |
| System control number | (Sirsi) u122890 |
| 110 ## - MAIN ENTRY--CORPORATE NAME | |
| Corporate name or jurisdiction name as entry element | Construction Skills |
| 9 (RLIN) | 5689 |
| 245 ## - TITLE STATEMENT | |
| Title | Construction Skills |
| Medium | [electronic resource] |
| 520 ## - SUMMARY, ETC. | |
| Summary, etc. | Web site for this organisation which provides assistance in all aspects of recruiting, training and qualifying for the construction workforce. Includes details of their registration and certification schemes, an outline of the manual of approved cards, details of careers in construction, a description of their work on health and safety and details of courses offered by the National Construction College. |
| 690 ## - LOCAL SUBJECT ADDED ENTRY--TOPICAL TERM (OCLC, RLIN) | |
| Topical term or geographic name as entry element | BUILT ENVIRONMENT |
| 856 40 - ELECTRONIC LOCATION AND ACCESS | |
| Uniform Resource Identifier | <a href="https://www.cskills.org/">https://www.cskills.org/</a> |
| Public note | View the website free of charge at www.cskills.org |
| 942 ## - ADDED ENTRY ELEMENTS (KOHA) | |
| Suppress in OPAC | 0 |
| Withdrawn status | Lost status | Source of classification or shelving scheme | Damaged status | Not for loan | Home library | Current library | Shelving location | Date acquired | Total Checkouts | Full call number | Barcode | Date last seen | Copy number | Price effective from | Koha item type |
|---|---|---|---|---|---|---|---|---|---|---|---|---|---|---|---|
| Dewey Decimal Classification | Virtual | Virtual | Online | 02/07/2003 | ONLINE PUBLICATION | 122890-1001 | 06/08/2019 | 1 | 06/08/2019 | Online material |